| 000 | 00585nam a2200181 i 4500 | ||
|---|---|---|---|
| 001 | 19537 | ||
| 003 | ES-MaACL | ||
| 005 | 20230906152122.0 | ||
| 007 | t| | ||
| 008 | 021002s1972 sp ||||1| spa d | ||
| 100 | 1 |
_aAbadie Aicardi, Oscar, _917953 |
|
| 245 | 1 | 0 |
_aIberoamérica, el mar territorial y la lucha por la soberanía / _cOscar Abadie-Aicardi. |
| 260 |
_aMadrid : _b[s.n.], _c1972. |
||
| 300 |
_ap. 83-148 ; _c24 cm. |
||
| 500 | _aSeparata de: Revista de la Política Internacional, julio-agosto, 1972. | ||
| 852 |
_aES-MaACL _j2083-F-14 _bR.83799 |
||
| 999 |
_c19537 _d19537 |
||